000 00864nas a2200277 4500
001 BR0806955
003 BR-BrBNA
005 20231205112511.0
007 ta
008 230509b bl.|||p| |||| 00| 00por d
040 _aBR-BrBNA
_bpor
_cBiblioteca Nacional de Agricultura
041 _a(Pt)
072 _aE13
100 1 _aCarvalho, M.A. de
100 1 _aSilva, C.R.L.
245 1 _aTaxa de juros: um problema real para a agricultura
650 _aAGRICULTURA
650 _aCRÉDITO RURAL
650 _aTAXA
650 _aCRESCIMENTO ECONÔMICO
650 _aDADOS ESTATÍSTICOS
773 0 _tRevista de Política Agrícola (Brazil)
_xISSN 1413-4969
_g(Jan-Feb-Mar 2008), v. 17(1) p. 14-22
_wBR0806955
856 4 _uRev_Pol_Agr_v17_n1-2008.pdf#page=15
_yRecurso eletrônico (PDF)
909 _a202311
_bLúcia
_c55
_dLúcia Elande
942 _2AGRIS
_n0
_cANA
999 _c198383
_d198383